MDQL
is popping MORE tags! Check the
thread
!
Quizzes
Events
Quiz Creation
Community
Videos
Private Events
Remove Ads
Sign In
Join for FREE
Feedback
Dark Mode
Quiz Categories
Sports
Geography
Music
Movies
Television
Just For Fun
Miscellaneous
History
Literature
Language
Science
Gaming
Entertainment
Religion
Holiday
For Kids
Quiz Lab
Recent
Popular Today
Quiz Kudos Today
Editor Picks
Curator Picks
Quizzes by...
Day
Popularity
Type
Ratings
Length
Year
Community
Subscriptions
Recent Discussions
Orange Saloon
Badges
Playlists
Quests
Create
Leaderboards
Showdown
Live 5
Trivia Bingo
Activity
Puzzle Library
Sporcle Events
Private Events
Virtual Trivia
Globe League
Become a Host
Pub Owners
SporcleCon
Opinionation
Our Games
Videos
Blog
Mobile Apps
Partnerships
Remove Ads and Go Orange
Feedback
Music
Pop Music
The Beatles
Song
Album
Lyrics
Bands
Singers
Artist
Clip
Rock
Rap
Classical
Billboard
Country Music
Kpop
Taylor Swift
Music
Pop Music
The Beatles
Song
Album
Lyrics
Bands
Singers
Artist
Clip
Rock
Rap
Classical
Billboard
Country Music
Kpop
Taylor Swift
Random Quiz
Search Sporcle
×
Quiz Lab
Quiz Lab
Music
Song
Type in answers that appear in a list
Type in answers that appear in a list
Classic
Best Score? Go Orange.
Songs by Bic Runga Stats
Can you name the songs from Bic Runga's 4 studio albums?
By
Alma10
10m
44 Questions
28 Plays
28 Plays
28 Plays
Comments
Comments
Give Quiz Kudos
Give Quiz Kudos
-
- Ratings
hide this ad
Replay
Link that replays current quiz
Next Quiz
Link to next quiz in quiz playlist
You Got
0%
They Got
Avg Score
65%
Avg Friend Score
Upgrade to see
Score Distribution
Jump to the score distribution portion of the page
Score
0/44
Timer
10:00
0
Plays Today
Album
Song title
% Correct
Drive
Sway
96.4%
Drive
Drive
85.7%
Beautiful Collision
Beautiful Collision
85.7%
Birds
Birds
78.6%
Beautiful Collision
Get Some Sleep
75%
Belle
Belle
75%
Drive
Roll into One
71.4%
Beautiful Collision
The Be All and End All
71.4%
Beautiful Collision
Election Night
71.4%
Beautiful Collision
Gravity
71.4%
Birds
Blue Blue Heart
71.4%
Belle
Hello Hello
71.4%
Drive
Bursting Through
67.9%
Drive
Suddenly Strange
67.9%
Beautiful Collision
When I See You Smile
67.9%
Beautiful Collision
Precious Things
67.9%
Beautiful Collision
Listening for the Weather
67.9%
Birds
Winning Arrow
67.9%
Birds
Say After Me
67.9%
Birds
Listen
67.9%
Birds
Ruby Nights
67.9%
Drive
Hey
64.3%
Album
Song title
% Correct
Drive
Swim
64.3%
Drive
Heal
64.3%
Drive
Without You
64.3%
Beautiful Collision
Something Good
64.3%
Belle
Tiny Little Piece of My Heart
64.3%
Drive
Sorry
60.7%
Drive
Delight
60.7%
Beautiful Collision
Counting the Days
60.7%
Birds
It's Over
60.7%
Belle
This Girl's Prepared for War
60.7%
Beautiful Collision
Honest Goodbyes
57.1%
Birds
No Crying No More
57.1%
Birds
If I Had You
57.1%
Birds
That's All Right
57.1%
Belle
Devil on Tambourine
57.1%
Beautiful Collision
She Left on a Monday
53.6%
Belle
Everything is Beautiful and New
53.6%
Belle
Darkness All Around Us
53.6%
Birds
Captured
50%
Belle
Music and Light
50%
Belle
If You Really Do
46.4%
Belle
Good Love
46.4%
Quiz Playlist
Details
Report
Send in Message
Add To Playlist
Classic:
Type in answers that appear in a list
Last Updated: Feb 16, 2017
Quiz Scoreboard
CHALLENGE
Sign Up to Join the Scoreboard
Show All
Scores
Hide
Comments
May contain spoilers
Recently Published
Image Sorting: Flags VI
by Barbecue
Geography
2m
Find the 'City' Movie
by crazypaving
Movies
60s
Colored Red Africa Blitz
by spor1
Geography
45s
More to Explore
Quiz From the Vault
Featured Blog Post
14 Easter Pick-up Lines to Find Eggs With
hide this ad
You Might Also Like...
Tags
Song Quiz
New Zealand
Song List
Today's Top Quizzes in Music
Browse Music
hide this ad
Today's Top Quizzes in Song
Browse Song
Top Contributed Quizzes in Music
1
5X2 Blitz: Bands II
2
5X2 Blitz: The Beatles
3
Taylor Swift All Songs (2024)
4
5X2 Blitz: Billboard
5
5X2 Blitz: Billboard II
6
5X2 Blitz: Album
7
5X2 Blitz: Rock
8
5X2 Blitz: Singers
9
Taylor Swift Logic Puzzle II
10
5X2 Blitz: Lyrics
Explore More
Trending Topics
Kpop
Anime
Marvel
Crossword
NBA
Harry Potter
Disney
The Office
Country
NFL
Soccer
WWE
Song
Pokémon
Puzzle
hide this ad
More By:
Alma10
Quiz
Plays
Rating
Category
Featured
Created
150 Brooklyn Nine-Nine characters
122
5.00
Television
Dec 19, 2022
Songs by Bic Runga
28
5.00
Music
Apr 18, 2012
Go to Creator's Profile
Score Distribution
Quiz Creator Spotlight
Alma10
Follow
Send a Message
Quizzes Created
-
Created Quiz Play Count
-
More By This Creator
Popular Quizzes Today
1
Colored Red Africa Blitz
2
Find the US States - No Outlines Minefield
3
Find the 'City' Movie
4
5x2 Blitz: Bands
5
The Countries of the World
6
Find the US States
7
Find the Countries of Europe - No Outlines Minefield
8
US States
More Music Quizzes
BTS Jin Word Search
Quiz Lab
Trending Quizzes
Colored Red Europe Blitz I
Colored Red Europe Blitz II
Colored Red Africa Blitz II
Colored Red Europe Blitz III
Colored Red Africa Blitz III
Recently Updated
How Do You Spell That?
pecheneg
Godzilla Movies
pecheneg
Grab Bag: 4-10 Letters
pecheneg
2024 March Madness Bracket
pecheneg
Famous TV Couples
Peacemaker
Champions League XIs: Real Madrid
pecheneg
Largest US Cities 1790-2010
pecheneg
Rides in Walt Disney World
pecheneg
Most Oscar Losses (Acting)
pecheneg
Beyoncé Albums
pecheneg
Trending Topics
Kpop
Marvel
NBA
Harry Potter
Disney
Anime
Crossword
Puzzle
The Office
Pokémon
NFL
Soccer
Country
Song
WWE
Your Account Isn't Verified!
In order to create a playlist on Sporcle, you need to verify the email address you used during registration. Go to your
Sporcle Settings
to finish the process.
Report this User
Report this user for behavior that violates our
Community Guidelines
.
Details:
Send Report
Go to the Sporcle.com Mobile Site →
Comments